000
00349nam a2200157Ia 4500
003
OSt
005
20240326102622.0
008
170524s9999 xx 000 0 und d
020
_a
8172249748
040
_c
IIMTU MEERUT
100
_a
stewart- william
245
0
_a
Building self esteem
260
_b
Jaico Pub.
260
_c
2003
942
_2
ddc
_c
02
999
_c
6622
_d
6622